000 00335nam a2200133Ia 4500
008 151213s9999 xx 000 0 und d
100 _aC.M Bowra
245 _aThe Romantic Imagination
_cC.M Bowra
260 _aNew York
_bOxford University press
_c1950
300 _a1899 p.
650 _aEnglish
700 _aC.M Bowra
999 _c1404
_d1404